Coat of Arms of German States - Statistics

General Stats
  • This quiz has been taken 62 times
  • The average score is 12 of 16
Answer Stats
Picture Answer % Correct
Bavaria
95%
Berlin
93%
Hamburg
85%
Saxony
85%
Brandenburg
78%
Lower Saxony
78%
Bremen
73%
Hesse
73%
Baden-Württemberg
70%
North Rhine-Westphalia
68%
Schleswig-Holstein
68%
Rhineland-Palatinate
65%
Mecklenburg-Vorpommern
63%
Saarland
63%
Thuringia
63%
Saxony-Anhalt
60%
No matching quizzes found
Score Distribution
Percent of People with Each Score
Percentile by Number Answered
Your Score History
You have not taken this quiz